Les clubs de Série A (2017-2018) - Statistiques

Statistiques générales
  • Ce quiz a été pris 108 fois
  • Le résultat moyen est 15 sur 20
Statistiques - réponses
Classement 2016-2017 Club % Correct
2e AS Rome
100%
1er Juventus FC
100%
3e SSC Naples
99%
6e AC Milan
98%
7e Inter Milan
97%
5e SS Lazio
91%
8e AC Fiorentina
88%
16e Genoa CFC
78%
9e Torino FC
78%
10e UC Sampdoria
78%
4e Atalanta Bergame
74%
11e Cagliari Calcio
70%
13e Udinese Calcio
70%
2e (D2) Hellas Verone
67%
15e Chievo Vérone
64%
14e Bologne FC
57%
12e US Sassuolo
53%
17e Crotone FC
47%
1er (D2) SPAL
34%
5e (D2) Benevento Calcio
33%
Aucun quiz correspondant
Distribution des résultats
% des personnes avec chaque résultat
Percentile par nombre de réponses
Votre historique - résultats
Vous n’avez pas pris ce quiz